Statistiques concernant Cyclisme- Coureurs victorieux en World Tour en 2018

Cliquez ici pour prendre le quiz!

Statistiques générales

  • Ce quiz a été pris 15 fois
  • Le résultat moyen est 32 sur 85

Statistiques - réponses

Nb de victoireNationalitéEquipeRéponseRetraité ?Equipe Actuelle (2024)% Correct
7FranceQuick-Step FloorsJulian AlaphilippeNONSoudal-Quick Step
100%
7SlovaquieBora-HansgrohePeter SaganOUIX
100%
7EspagneMovistar TeamAlejandro ValverdeOUIX
93%
8Royaume-UniMichelton-ScottSimon YatesNONTeam Jayco AlUla
93%
5PologneTeam SkyMichal KwiatkowskiNONIneos Grenadiers
87%
5IrlandeBora-HansgroheSam BennettNONDecathlon-AG2R La Mondiale
87%
3FranceGroupama-FDJArnaud DémareNONArkéa-B&B Hotels
80%
4ColombieTeam SkyEgan BernalNONIneos Grenadiers
80%
4Royaume-UniTeam SkyGeraint ThomasNONIneos Grenadiers
80%
5SlovénieTeam LottoNL-JumboPrimoz RoglicNONBora-Hansgrohe
80%
3Royaume-UniTeam SkyChris FroomeNONIsrael Premier Tech
73%
10ItalieQuick-Step FloorsElia VivianiNONIneos Grenadiers
73%
3FranceGroupama-FDJThibaut PinotOUIX
73%
4AustralieTeam SunwebMichael MatthewsNONTeam Jayco-AlUla
67%
2ColombieMovistar TeamNairo QuintanaNONMovistar Team
60%
3NorvègeUAE Team EmiratesAlexander KristoffNONUno-X Mobility
53%
4Pays-BasTeam LottoNL-JumboDylan GroenewegenNONTeam Jayco AlUla
53%
2EspagneQuick-Step FloorsEnric MasNONMovistar Team
53%
5ColombieQuick-Step FloorsFernando GaviriaNONMovistar Team
53%
2ItalieTeam SkyGianni MosconNONSoudal-Quick Step
53%
2SlovénieBahrain Merida Pro Cycling TeamMatej MohoricNONBahrain-Victorious
53%
6AllemagneBora-HansgrohePascal AckermannNONIsrael Premier Tech
53%
5AustralieBMC Racing TeamRohan DennisOUIX
53%
2SuisseBMC Racing TeamStefan KüngNONGroupama-FDJ
53%
2Pays-BasTeam SunwebTom DumoulinOUIX
53%
2Royaume-UniMichelton-ScottAdam YatesNONUAE Team Emirates
47%
1KazakhstanAstana Pro TeamAlexey LutsenkoNONAstana Qazaqstan Team
47%
2AllemagneLotto-SoudalAndré GreipelOUIX
47%
1LuxembourgQuick-Step FloorsBob JungelsNONBora-Hansgrohe
47%
2IrlandeUAE Team EmiratesDan MartinOUIX
47%
2Afrique du SudMichelton-ScottDaryl ImpeyOUIX
47%
2AllemagneTeam Katusha AlpecinMarcel KittelOUIX
47%
2AllemagneQuick-Step FloorsMaximilian SchachmannNONBora-Hansgrohe
47%
1EquateurMovistar TeamRichard CarapazNONEF Education-EasyPost
47%
3ColombieQuick-Step FloorsAlvaro José HodegNONUAE Team Emirates
40%
2DanemarkAstana Pro TeamMichael ValgrenNONEF Education-EasyPost
40%
1BelgiqueAG2R La MondialeOliver NaesenNONDecathlon-AG2R La Mondiale
40%
1AllemagneTrek-SegafredoJohn DegenkolbNONTeam dsm-firmenich PostNL
33%
1CanadaTeam EF Education First - Drapac p/b CannondaleMichael WoodsNONIsrael Premier Tech
33%
1FranceCofidis, Solutions CréditsNacer BouhanniOUIX
33%
2AustralieBMC Racing TeamRichie PorteOUIX
33%
1Etats-UnisBMC Racing TeamTejay Van GarderenOUIX
33%
2BelgiqueLotto-SoudalThomas de GendtNONLotto-Dstny
33%
1BelgiqueLotto-SoudalTiesj BenootNONVisma-Lease A Bike
33%
1LettonieTrek-SegafredoToms SkujinsNONLidl-Trek
33%
2Etats-UnisTeam Dimension DataBen KingOUIX
27%
1EspagneTeam SkyDavid De la CruzNONQ36.5 Pro Cycling Team
27%
3Pays-BasQuick-Step FloorsFabio JakobsenNONTeam dsm-firmenich PostNL
27%
1DanemarkAstana Pro TeamJakob FuglsangNONIsrael Premier Tech
27%
1BelgiqueTrek-SegafredoJasper StuyvenNONLidl-Trek
27%
2DanemarkAstana Pro TeamMagnus CortNONUno-X Mobility
27%
3EspagneAstana Pro TeamOmar FraileNONIneos Grenadiers
27%
1AllemagneTeam SunwebPhil BauhausNONBahrain-Victorious
27%
1FranceGroupama-FDJRudy MolardNONGroupama-FDJ
27%
1AustralieTeam EF Education First - Drapac p/b CannondaleSimon ClarkeNONIsrael Premier Tech
27%
1BelgiqueLotto-SoudalTim WellensNONUAE Team Emirates
27%
1Pays-BasTeam SkyWout PoelsNONBahrain-Victorious
27%
1BelgiqueQuick-Step FloorsYves LampaertNONSoudal-Quick Step
27%
1ItalieBMC Racing TeamAlessandro De MarchiNONTeam Jayco AlUla
20%
1ColombieMichelton-ScottEsteban ChavesNONEF Education-EasyPost
20%
1AutricheBora-HansgroheGregor MühlbergerNONMovistar Team
20%
1EspagneMovistar TeamMarc SolerNONUAE Team Emirates
20%
1ItalieMichelton-ScottMatteo TrentinNONTudor Pro Cycling
20%
1ArgentineQuick-Step FloorsMaximiliano RichezeOUIX
20%
1EspagneMovistar TeamMikel LandaNONSoudal-Quick Step
20%
1EspagneMichelton-ScottMikel NieveOUIX
20%
1EspagneEuskadi-MuriasOscar RodriguezNONIneos-Grenadiers
20%
1EspagneAstana Pro TeamPello BilbaoNONBahrain-Victorious
20%
1DanemarkTeam SunwebSøren Kragh AndersenNONAlpecin-Deceuninck
20%
1DanemarkMichelton-ScottChristopher Juul-JensenNONTeam Jayco AlUla
13%
1ItalieUAE Team EmiratesDiego UlissiNONUAE Team Emirates
13%
1ColombieTrek-SegafredoJarlinson PantanoOUIX
13%
2Pays-BasQuick-Step FloorsNiki TerpstraOUIX
13%
1ItalieBahrain Merida Pro Cycling TeamSonny ColbrelliOUIX
13%
1ItalieBahrain Merida Pro Cycling TeamVincenzo NibaliOUIX
13%
1AustralieMichelton-ScottCaleb EwanNONTeam Jayco AlUla
7%
1EspagneEuskadi-MuriasEduard PradesNONCaja Rujal-Seguros RGA
7%
1ItalieTeam LottoNL-JumboEnrico BattaglinOUIX
7%
1Pays-BasRoompot - Nederlandse LoterijTaco van der HoornNONIntermarché-Wanty
7%
1FranceAG2R La MondialeTony GallopinOUIX
7%
1FranceAG2R La MondialeAlexandre GeniezOUIX
0%
2AustralieBora-HansgroheJay McCarthyOUIX
0%
1BelgiqueLotto-SoudalJelle WallaysOUIX
0%
1FranceDirect EnergieJérôme CousinOUIX
0%
1FranceDirect EnergieJonathan HivertOUIX
0%

Distribution des résultats

Percentile par nombre de réponses

% des personnes avec chaque résultat

Votre développement - résultats

Vous n’avez pas pris ce quiz